| 000 | 00682nam a2200217 i 4500 | ||
|---|---|---|---|
| 001 | 115109 | ||
| 003 | ES-MaACL | ||
| 005 | 20250730063124.0 | ||
| 007 | t| | ||
| 008 | 070222s1911 sp ||||1| spa d | ||
| 080 | _a821.134.2-32"18" | ||
| 100 | 1 |
_aReyes, Arturo, _d1864-1913 _996560 |
|
| 245 | 1 | 0 |
_aSangre gitana / _cArturo Reyes ; ilustraciones de Vázquez Calleja. |
| 260 |
_aMadrid : _bEl Cuento Semanal, _c1911. |
||
| 300 |
_a20 cm : _bil. ; _c26 cm. |
||
| 490 | 1 |
_aEl cuento semanal ; _v214 |
|
| 700 | 1 |
_aVázquez Calleja, Félix, _d1881-1963 _9113400 |
|
| 830 | 0 | 3 |
_aEl cuento semanal _v214 _9185957 |
| 852 |
_aES-MaACL _jG-4447(5) |
||
| 999 |
_c115109 _d115109 |
||